<The> U.S. Air Force is changing the way it does business.
Popis programov zavádzaných vo vojenskom letectve USA, ktorým sa mení koncepcia zisťovania chýb na koncepciu ich prevencie. Zvýšenie spoľahlivosti prevádzky lietadiel zo strany údržby. Spracovanie a vyhodnocovanie informácií o akosti.
Gespeichert in:
| 1. Verfasser: | |
|---|---|
| Format: | Buchkapitel |
| Sprache: | Englisch |
| Schlagworte: | |
| Tags: |
Keine Tags, Fügen Sie das erste Tag hinzu!
|
MARC
| LEADER | 00000naa a2200000 4500 | ||
|---|---|---|---|
| 001 | r006287 | ||
| 005 | 20221213084506.0 | ||
| 041 | 0 | |a eng | |
| 044 | |a US | ||
| 245 | 1 | 0 | |a <The> U.S. Air Force is changing the way it does business. |c S.M. Baysinger |
| 520 | |a Popis programov zavádzaných vo vojenskom letectve USA, ktorým sa mení koncepcia zisťovania chýb na koncepciu ich prevencie. Zvýšenie spoľahlivosti prevádzky lietadiel zo strany údržby. Spracovanie a vyhodnocovanie informácií o akosti. | ||
| 610 | 2 | 0 | |a priemysel letecký |
| 610 | 2 | 0 | |a vojenstvo |
| 610 | 2 | 0 | |a USA |
| 610 | 2 | 0 | |a kontrola kvality |
| 610 | 2 | 0 | |a riadenie kvality |
| 610 | 2 | 0 | |a spracovanie dát |
| 610 | 2 | 0 | |a údržba |
| 100 | 1 | |a Baysinger, S.M. | |